Muppet Eye Match-Up Quiz Stats

 Plays Quiz Updated Aug 31, 2016

Challenge
Share
Tweet
Score 0/24 Timer 06:00
2 Plays Today
% Correct
Kermit the Frog
94.3%
Big Bird
92.9%
Cookie Monster
92.5%
Miss Piggy
90.3%
Count von Count
90.1%
Oscar the Grouch
89.1%
Elmo
89%
Fozzie Bear
84.5%
Bert
83.8%
Ernie
83.8%
Animal
83.7%
Dr. Bunsen Honeydew
83.3%
% Correct
Beaker
82.5%
Prairie Dawn
81.2%
Mr. Snuffleupagus
80.7%
Grover
80.1%
Sam the Eagle
78.2%
Gonzo
77.2%
Scooter
76.4%
Waldorf
75.9%
Pepe
74.6%
Telly
67%
Statler
61.1%
Sweetums
57.3%

You're not logged in!

Compare scores with friends on all Sporcle quizzes.
OR
Log In

You Might Also Like...

Show Comments

Extras

Top Quizzes Today


Score Distribution

Your Account Isn't Verified!

In order to create a playlist on Sporcle, you need to verify the email address you used during registration. Go to your Sporcle Settings to finish the process.

Report this User

Report this user for behavior that violates our Community Guidelines.

Details: